00677 a2200181 4500999001500000010001400015020002200029035001300051037001500064082001100079100002300090245006600113260007100179270008000250300002500330942003000355952011000385 c5148d5148 aENG-86752 c48.00a8172084617 aEN-70285 bDBAD / PUB14a230.35 aPanda, Brahmananda1 aRaso Vai Sah :cby Brahmananda Pandabsweetness he alone is / aPrasanthi NilayambSri Sathya Sai Books & Publications Trustc2006 aPrasanthi Nilayam P.O.bPrasanthi Nilayame515 134cAnanthapur Dist. (A.P.) avi, 347pc21cm (pbk) adplcEN2ddch230.35mPAN 001040718NFICaDBADbDBADeDBAD/PUBg48.00l0o230.35 PANpEN-70285r2008-09-15 00:00:00t1v48.00yEN